书目信息 |
| 题名: |
农业微生物基因工程
|
|
| 作者: | 黄大昉 ;林敏 | |
| 分册: | ||
| 出版信息: | 北京 北京科学出版社 2001 |
|
| 页数: | 546 | |
| 开本: | 26cm | |
| 丛书名: | "863"生物高技术丛书 | |
| 单 册: | ||
| 中图分类: | S188 | |
| 科图分类: | ||
| 主题词: | 农业科学:生物学 | |
| 电子资源: | ||
| ISBN: | 7-03-008884-0 | |
| 000 | 00647nam0 2200217 450 | |
| 001 | 0741144344 | |
| 005 | 20070817112544.34 | |
| 010 | @a7-03-008884-0@d¥70.00 | |
| 100 | @a20070817d km y0chiy0120 ea | |
| 101 | 0 | @achi |
| 200 | 1 | @a农业微生物基因工程@Anong ye wei sheng wu ji yin gong cheng@f黄大昉@Fhuang da fang@g林敏@Glin min |
| 210 | @a北京@c北京科学出版社@d2001 | |
| 215 | @a546@d26cm | |
| 225 | 2 | @a"863"生物高技术丛书 |
| 410 | 0 | @12001 @a"863"生物高技术丛书 |
| 606 | 0 | @a农业科学:生物学 |
| 690 | @aS188@v3 | |
| 701 | 0 | @a黄大昉@Ahuang da fang |
| 702 | 0 | @a林敏@Alin min |
| 801 | 0 | @aCN@bPFT@c20070817 |
| 905 | @a213230@dS188@en1@f1 | |
| 农业微生物基因工程/黄大昉/林敏.-北京:北京科学出版社,2001 |
| 546;26cm.-("863"生物高技术丛书) |
| ISBN 7-03-008884-0:¥70.00 |
| ● |
| 相关链接 |
|
|
|
|
正题名:农业微生物基因工程
索取号:S188/n1
 
预约/预借
| 序号 | 登录号 | 条形码 | 馆藏地/架位号 | 状态 | 备注 |
| 1 | 6600598 | 266005985 | 密集书库-生命科学系/ [索取号:S188/n1] | 在馆 | |
| 2 | 6600599 | 266005994 | 密集书库-生命科学系/ [索取号:S188/n1] | 在馆 |